000 00782nam a2200301Ia 4500
001 22831
005 20240114000656.0
007 ta
008 060322s1997 g b000 u 465 u
020 _a81-219-1475-2
040 _aCotton College,Assam
041 _a465
082 _a537.5
_bPu 97 So
100 _aPuri , R.K..
245 0 _aSolid State Physics and Electronics /
_cR.K.Puri & V.K.Babbar.
_hTextual Documents
250 _a1st ed. /
260 _aNew Delhi :
_bS. Chand & Company ,
_c1997.
300 _axvi,560p. ;
_c22cm.
504 _aIndex
653 _aElectronics
653 _aSolid State Physics
653 _aG-Physics
700 _aBabbar, V.K..
942 _2ddc
_cBK
999 _c22813
_d22813